Posuzování kapacity světelně řízených křižovatek /

Hlavní autor: Martolos, Jan
Jazyk: Čeština
Vydáno: Liberec : EDIP, 2011
Vydání: 1. vyd.
Témata:
Fyzický popis: 51 s. : il. ; 24 cm
Knihy
Uloženo v:
LEADER 01468nam a2200445 a 4500
001 nkc20112255322
003 CZ PrNK
005 20120217110649.0
007 ta
008 111123s2011 xr a e 000 0 cze
015 |a cnb002255322 
020 |a 978-80-87394-03-8  |q (brož.) 
035 |a (OCoLC)773173020 
040 |a ABA001  |b cze 
072 7 |a 656.1/.5  |x Pozemní doprava  |2 Konspekt  |9 4 
080 |a 656.1  |2 MRF 
080 |a 625.739  |2 MRF 
080 |a 656.021.5  |2 MRF 
080 |a (048.8)  |2 MRF 
100 1 |a Martolos, Jan  |7 pna2008424957  |4 aut 
245 1 0 |a Posuzování kapacity světelně řízených křižovatek /  |c Jan Martolos a kol. 
250 |a 1. vyd. 
260 |a Liberec :  |b EDIP,  |c 2011 
300 |a 51 s. :  |b il. ;  |c 24 cm 
500 |a Obálkový podnázev: technické podmínky TP 235 
500 |a 200 výt. 
504 |a Obsahuje bibliografii a přehled souvisejících právních předpisů 
650 0 7 |a silniční doprava  |7 ph116143  |2 czenas 
650 0 7 |a křižovatky  |7 ph166368  |2 czenas 
650 0 7 |a kapacita dopravní trasy  |7 ph385203  |2 czenas 
650 0 9 |a road traffic  |2 eczenas 
650 0 9 |a crossroads  |2 eczenas 
650 0 9 |a route capacity  |2 eczenas 
655 7 |a studie  |7 fd133597  |2 czenas 
655 9 |a studies  |2 eczenas 
910 2 |a BOA001  |b 2-1275.746 
990 |a BK 
995 |a 01 
991 |b 201112  |c NOV  |e n 
996 6 |b 2610494159  |c 2-1275.746  |l MZK  |r Sklad / do 1 hodiny  |n 2  |p p.v.  |w 001216031  |u 000010  |a 1  |e BOA001  |j MZK50  |s P